000 00440nam a2200181Ia 4500
008 220805s9999 xx 000 0 und d
020 _a978-93-81860-33-5
041 _aeng
082 _a646.724
100 _aBatra, Akshay
_988622
260 _aMumbai
_bEmbassy Books
_c2012
245 _aHair
245 _beverything you ever wanted to know
250 _a1
300 _a228
650 _aHair Care
_988623
650 _aHygine
_988624
999 _c48769
_d48769